| 000 | 02606cam a22004694i 4500 | ||
|---|---|---|---|
| 003 | PE-LiUPU | ||
| 005 | 20250731173431.0 | ||
| 008 | 150706s r 000 0 d | ||
| 020 | _a9789875571914 | ||
| 035 | _a(Sirsi) i9789875571914 | ||
| 040 |
_aPE-LiUPU _bspa _cPE-LiUPU _erda |
||
| 049 | _aPRUA | ||
| 082 | 0 | 4 |
_a262.1 _bS93 _221 |
| 100 | 1 |
_aSung Kuk, Kim, _eautor. |
|
| 245 | 1 | 0 |
_aDavid Yonggi Cho Ceo : _bconozca los secretos en administración del pastor de la iglesia más grande del mundo / _cKim Sung Kuk, Baek Ki Bok y Choi Yeon. |
| 264 | 1 |
_aBuenos Aires : _bPeniel, _c2008. |
|
| 300 |
_a188 páginas ; _c21 cm. |
||
| 336 |
_atext _2rdacontent |
||
| 337 |
_aunmediated _2rdamedia |
||
| 338 |
_avolume _2rdacarrier |
||
| 505 | 0 | _aImpacto -- Impacto, el otro nombre de la grandeza -- La influencia del primer encuentro -- La disputa de la izquierda y la derecha en el período del desarrollo, y la otra elección -- El texto y el contexto del líder del momento -- Aventura, sacrificio y un carisma pasional -- Un método sistemático: el hueso y la fórmula -- La fórmula Cho= visión espiritual x una pasión innata x un sistema estereoscópico -- El kairos del líder -- La capacidad distintiva: la oración y las metas -- Ingeniero en oración -- La estrella de la visión espiritual -- La triple estructura de una fogata -- El carbón de la fogata -- La leña de la fogata -- La sistematización de la fogata -- Institución -- Un camino visible, un camino invisible -- El gran descubrimiento de una nueva salida -- El sistema ministerial -- El liderazgo ministerial -- El modelo ministerial -- Un gran líder hace a otro gran líder -- El co-liderazgo y el pionero -- El líder que triunfa mediante la transformación en medio de la aflicción y la adversidad. | |
| 526 | _aSEG42 | ||
| 526 | _aSEG41 | ||
| 526 | _aSEG40 | ||
| 526 | _aSEG39 | ||
| 526 | _aP94 | ||
| 526 | _aP87 | ||
| 526 | _aP86 | ||
| 526 | _aP85 | ||
| 526 | _aP77 | ||
| 526 | _aP76 | ||
| 526 | _aP35 | ||
| 541 | _g001-0000631; | ||
| 650 | 0 | 4 | _aLiderazgo cristiano. |
| 700 | 1 |
_aKim, Ariel, _etr. |
|
| 910 |
_agl _clch _d20130807 |
||
| 942 |
_2ddc _cBOOK |
||
| 949 |
_a262.1 S93 _wDEWEY _c1 _i67907 _lCCODEBUL1 _mBUL _p13.00 _r0 _sY _tBOOK _u2015-7-6 _xTEOLOGIA _PP35 _o.STAFF. Colección General |
||
| 994 |
_aC0 _bPEPRU |
||
| 596 | _a1 | ||
| 999 |
_a262.1 S93 _wDEWEY _c55417 _i67907 _f2021-11-10 _g5 _lCCODEBUL1 _mBUL _p13.00 _r0 _sY _tBOOK _u2015-7-6 _xTEOLOGIA _PP35 _0COMPRA _o.STAFF. Colección General _d55417 |
||
| 980 |
_81 _gALBERTO SANCHEZ Responsable de Automatización |
||